000
00216nam a2200097Ia 4500
008
240625s9999 xx 000 0 und d
041
_a
eng
100
_a
PC QUEST
245
_a
PC QUEST DVD PROFESSIONAL
260
_c
2008
999
_c
34174
_d
34174